| 000 | 00528nam a22001817a 4500 | ||
|---|---|---|---|
| 005 | 20231031093504.0 | ||
| 008 | 231031b |||||||| |||| 00| 0 eng d | ||
| 020 | _a9780409059656 | ||
| 041 | _aEnglish | ||
| 082 | _a346.7 COM | ||
| 100 | _lEnglish | ||
| 245 |
_aCommercial Law / _cCJ Nagel et al. |
||
| 250 | _aThird Edition | ||
| 260 |
_aDurban : _bLexisNexis Butterworths, _c2006 |
||
| 300 |
_bviii, 614 pages ; _c25 cm. _e3 Editions |
||
| 650 |
_alegal practice _bLaw |
||
| 942 |
_cBK _6ALISON_BN_VRIES |
||
| 999 |
_c174 _d174 |
||